1681 1082 1548 1925 1530 1508 1350 1036 1552 1261 1172 1528 1079 1951 1658 1950 1797 1445 1837 1403 1313 1689 1677 1490 1554 1230 1191 1175 1572 1679 1408 1569 1660 1550 1384 1863 1864 1362 1275 1768 1604 1556 1756 1065 1858 1558 1372 1471 1141 1528 1974 1223 1941 1376 1437 1045 1142 1836 1333 1226 1645 1457 1913 1048 1948 1579 1967 1758 1388 1122 1278 1867 1769 1319 1604 1292 1330 1267 1676 1296 1892 1545 1678 1765 1437 1892 1055 1135 1461 1926 2000 1314 1968 1572 1897 1268 1743 1647 1116 BCNSPRNW ULIB Ver.6.0+V

เปลี่ยนเป็นภาษาไทย

Change to English
 แสดงรายละเอียดบรรณานุกรม
  กลับหน้าหลัก

Brief Record : Get Marc (ISO 2709) : E-mail record : QR code < ปิดหน้าต่าง
LEADER : 00000nam 2200000uu 4500
001    13399126537
003     ULIB
008    181016s2557||||th 000 0 tha d
020    ^a9789740332572^c320
060 04 ^aWV100^bส944ส
100 0  ^aเสาวรส ภทรภักดิ์
245 10 ^aโสตประสาทวิทยา /^cเสาวรส ภทรภักดิ์
250    ^aพิมพ์ครั้งที่ 1
260    ^aกรุงเทพฯ :^bวี.พริ้นท์, ^c2557
300    ^a340 หน้า : ^bภาพประกอบ
504    ^aบรรณานุกรมท้ายบท
504    ^aดัชนีท้ายเล่ม
590    ^aGift-T-57
650  7 ^aโสตประสาท
650  7 ^aโสตศอนาสิกวิทยา
650  7 ^aการได้ยิน
945    ^p320^l0^i26796
945    ^p320^l0^i26802
945    ^p320^l0^i26798
945    ^p320^l0^i26799
945    ^p320^l0^i26800
945    ^p320^l0^i26801
945    ^p320^l0^i26805
945    ^p320^l0^i26794
945    ^p320^l0^i26795
945    ^p320^l0^i26797
945    ^p320^l0^i26803
945    ^p320^l0^i26804
999    ^aกัณชพร จุลอักษร
รายการนี้ยังไม่มีแท็ก
คุณยังไม่ได้ล็อกอิน คุณสามารถมีกิจกรรมร่วมกับเว็บไซต์ได้ แต่ต้องล็อกอินก่อน ::
  ล็อกอิน

รายการสื่อสารสนเทศ

ลำดับที่ ประเภท เลขเรียก/บาร์โค้ด สถานที่ สถานะ
1. หนังสือสำรอง
หนังสือสำรอง
สถานะ=หนังสือเก่า
WV100 ส944ส ฉ.1 
  Barcode: 26794
ห้องสมุดวิทยาเขตนครสวรรค์
►ส่วนจัดเก็บหนังสือเก่า นว.
บนชั้น
  ขอยืม
2. วิทยาศาสตร์การแพทย์ และสุขภาพ
วิทยาศาสตร์การแพทย์ และสุขภาพ
สถานะ=หนังสือเก่า
WV100 ส944ส ฉ.10 
  Barcode: 26803
ห้องสมุดวิทยาเขตนครสวรรค์
►ส่วนจัดเก็บหนังสือเก่า นว.
บนชั้น
  ขอยืม
3. วิทยาศาสตร์การแพทย์ และสุขภาพ
วิทยาศาสตร์การแพทย์ และสุขภาพ
สถานะ=หนังสือเก่า
WV100 ส944ส ฉ.11 
  Barcode: 26804
ห้องสมุดวิทยาเขตนครสวรรค์
►ส่วนจัดเก็บหนังสือเก่า นว.
บนชั้น
  ขอยืม
4. วิทยาศาสตร์การแพทย์ และสุขภาพ
วิทยาศาสตร์การแพทย์ และสุขภาพ
สถานะ=หนังสือเก่า
WV100 ส944ส ฉ.12 
  Barcode: 26805
ห้องสมุดวิทยาเขตนครสวรรค์
►ส่วนจัดเก็บหนังสือเก่า นว.
บนชั้น
  ขอยืม
5. วิทยาศาสตร์การแพทย์ และสุขภาพ
วิทยาศาสตร์การแพทย์ และสุขภาพ
สถานะ=หนังสือเก่า
WV100 ส944ส ฉ.2 
  Barcode: 26795
ห้องสมุดวิทยาเขตนครสวรรค์
►ส่วนจัดเก็บหนังสือเก่า นว.
บนชั้น
  ขอยืม
6. วิทยาศาสตร์การแพทย์ และสุขภาพ
วิทยาศาสตร์การแพทย์ และสุขภาพ
สถานะ=หนังสือเก่า
WV100 ส944ส ฉ.3 
  Barcode: 26796
ห้องสมุดวิทยาเขตนครสวรรค์
►ส่วนจัดเก็บหนังสือเก่า นว.
บนชั้น
  ขอยืม
7. วิทยาศาสตร์การแพทย์ และสุขภาพ
วิทยาศาสตร์การแพทย์ และสุขภาพ
สถานะ=หนังสือเก่า
WV100 ส944ส ฉ.4 
  Barcode: 26797
ห้องสมุดวิทยาเขตนครสวรรค์
►ส่วนจัดเก็บหนังสือเก่า นว.
บนชั้น
  ขอยืม
8. วิทยาศาสตร์การแพทย์ และสุขภาพ
วิทยาศาสตร์การแพทย์ และสุขภาพ
สถานะ=หนังสือเก่า
WV100 ส944ส ฉ.5 
  Barcode: 26798
ห้องสมุดวิทยาเขตนครสวรรค์
►ส่วนจัดเก็บหนังสือเก่า นว.
บนชั้น
  ขอยืม
9. วิทยาศาสตร์การแพทย์ และสุขภาพ
วิทยาศาสตร์การแพทย์ และสุขภาพ
สถานะ=หนังสือเก่า
WV100 ส944ส ฉ.6 
  Barcode: 26799
ห้องสมุดวิทยาเขตนครสวรรค์
►ส่วนจัดเก็บหนังสือเก่า นว.
บนชั้น
  ขอยืม
10. วิทยาศาสตร์การแพทย์ และสุขภาพ
วิทยาศาสตร์การแพทย์ และสุขภาพ
สถานะ=หนังสือเก่า
WV100 ส944ส ฉ.7 
  Barcode: 26800
ห้องสมุดวิทยาเขตนครสวรรค์
►ส่วนจัดเก็บหนังสือเก่า นว.
บนชั้น
  ขอยืม
11. วิทยาศาสตร์การแพทย์ และสุขภาพ
วิทยาศาสตร์การแพทย์ และสุขภาพ
สถานะ=หนังสือเก่า
WV100 ส944ส ฉ.8 
  Barcode: 26801
ห้องสมุดวิทยาเขตนครสวรรค์
►ส่วนจัดเก็บหนังสือเก่า นว.
บนชั้น
  ขอยืม
12. วิทยาศาสตร์การแพทย์ และสุขภาพ
วิทยาศาสตร์การแพทย์ และสุขภาพ
สถานะ=หนังสือเก่า
WV100 ส944ส ฉ.9 
  Barcode: 26802
ห้องสมุดวิทยาเขตนครสวรรค์
►ส่วนจัดเก็บหนังสือเก่า นว.
บนชั้น
  ขอยืม

รายการใกล้เคียง
    ผู้แต่ง [เสาวรส ภทรภักดิ์]

    หัวเรื่อง [โสตประสาท]
    หัวเรื่อง [โสตศอนาสิกวิทยา]
    หัวเรื่อง [การได้ยิน]

BibComment


ยังไม่เคยถูกคอมเมนท์

คอมเมนท์ทรัพยากรรายการนี้
  คอมเมนท์: โสตประสาทวิทยา ..


 Copyright 2026. Bcnsprnw @Library